Ductilidad en vigas de concreto reforzado

محفوظ في:
التفاصيل البيبلوغرافية
المؤلف الرئيسي: Arguedas Salas, Luis Leandro
التنسيق: كتاب
منشور في: San José, C.R 1997
الموضوعات:
الوسوم: إضافة وسم
لا توجد وسوم, كن أول من يضع وسما على هذه التسجيلة!

MARC

LEADER 00000nam a2200000Ia 4500
003 008115
005 20221231144235.0
008 140114s1997 cr a m 000 ||s d
040 |c cru CEDI 
090 |a TFG 3586 
100 |a Arguedas Salas, Luis Leandro  |9 9684 
245 |a Ductilidad en vigas de concreto reforzado 
260 |c 1997  |a  San José, C.R 
300 |a  76 hojas : ilustraciones (algunas a color)  
500 |a  Proyecto de graduación (licenciatura en ingeniería civil)--Universidad de Costa Rica. Facultad de Ingeniería. Escuela de Ingeniería Civil 
650 |x DUCTILIDAD   |x VIGAS DE HORMIGON  |9 9685 
942 |c TFG 
999 |c 18920  |d 18920